000
00238nam a2200097Ia 4500
005
20251222114402.0
008
251222s1900||||xx |||||||||||||| ||spa||
082
_a
DVD0070/P32/2011
245
0
_a
Los descendientes:The Descendants
942
_c
DVD
999
_c
1689
_d
1689